| 000 | 00476nam a2200181Ia 4500 | ||
|---|---|---|---|
| 005 | 20250508161809.0 | ||
| 008 | 008 250505s9999 xx 000 0 hin d | ||
| 037 | _aTextual | ||
| 040 |
_aFEDL _beng _cFEDL |
||
| 041 |
_ahin _2eng |
||
| 084 |
_a915.46, SHA _qFEDL |
||
| 100 |
_aSharma Vishwa Mitra _9771580 |
||
| 245 | 0 | _aKashmir | |
| 260 |
_aDelhi, India _bRaj Hans Prakashan |
||
| 300 | _a43p. | ||
| 942 |
_cTEXL _h915.46, SHA |
||
| 999 |
_c1372265 _d1372265 |
||